Coureurs de l'équipe cycliste Quick-Step Alpha Vinyl 2022 - Statistiques

Statistiques générales
  • Ce quiz a été pris 140 fois
  • Le résultat moyen est 16 sur 30
Statistiques - réponses
Nat Coureur % Correct
🇫🇷 Julian Alaphilippe
100%
🇫🇷 Florian Sénéchal
88%
🇩🇰 Kasper Asgreen
86%
🇫🇷 Rémi Cavagna
85%
🇳🇱 Fabio Jakobsen
79%
🇧🇪 Remco Evenepoel
79%
🇧🇪 Yves Lampaert
78%
🇩🇰 Michael Mørkøv
77%
🇬🇧 Mark Cavendish
69%
🇨🇿 Zdeněk Štybar
66%
🇮🇹 Andrea Bagioli
63%
🇮🇹 Mattia Cattaneo
63%
🇧🇪 Tim Declercq
63%
🇮🇹 Fausto Masnada
55%
🇩🇰 Mikkel Frølich Honoré
52%
🇬🇧 James Knox
51%
🇨🇭 Mauro Schmid
50%
🇮🇹 Davide Ballerini
49%
🇧🇪 Mauri Vansevenant
49%
🇧🇪 Dries Devenyns
46%
🇧🇪 Ilan Van Wilder
46%
🇨🇿 Josef Černý
46%
🇬🇧 Ethan Vernon
36%
🇧🇪 Pieter Serry
30%
🇧🇪 Louis Vervaeke
28%
🇩🇪 Jannik Steimle
25%
🇧🇪 Bert Van Lerberghe
24%
🇧🇪 Iljo Keisse
23%
🇧🇪 Stan Van Tricht
17%
🇧🇪 Stijn Steels
17%
Aucun quiz correspondant
Distribution des résultats
% des personnes avec chaque résultat
Percentile par nombre de réponses
Votre historique - résultats
Vous n’avez pas pris ce quiz